|
|
|
|
| LEADER |
01712nam a2200301 a 4500 |
| 001 |
0013747 |
| 003 |
BD-DhAAL |
| 008 |
090705s2001 enk b 001 0 eng d |
| 010 |
|
|
|a \\2001275270
|
| 020 |
|
|
|a 0340761911
|
| 040 |
|
|
|a UKM
|c UKM
|d C#P
|d DLC
|d BD-DhAAL
|
| 082 |
0 |
0 |
|a 801.9509045
|2 21
|
| 245 |
0 |
0 |
|a Modern literary theory :
|b a reader /
|c edited by Philip Rice and Patricia Waugh.
|
| 250 |
|
|
|a Forth edition.
|
| 260 |
|
|
|a London :
|b Arnold ;
|a New York :
|b Co-published in the United States of America by Oxford University Press,
|c 2001.
|
| 300 |
|
|
|a xv, 492 pages ;
|c 24 cm
|
| 504 |
|
|
|a Includes bibliographical references (pages [484]-489) and index.
|
| 526 |
|
|
|a ENH
|x Professor Syed Manzoorul Islam
Coordinator
Department of English and Humanities
BRAC University
|
| 541 |
1 |
|
|e 00017425
|a Friends' Book Corner
|
| 650 |
|
0 |
|a Literature
|x History and criticism
|x Theory, etc.
|9 45480
|
| 700 |
1 |
|
|a Rice, Philip.
|9 45481
|
| 700 |
1 |
|
|a Waugh, Patricia.
|9 45482
|
| 852 |
4 |
|
|a Ayesha Abed Library
|c General Stacks
|
| 942 |
|
|
|2 ddc
|c BK
|
| 999 |
|
|
|c 2013
|d 2013
|
| 952 |
|
|
|0 0
|1 0
|2 ddc
|4 0
|6 801_950904500000000_MOD
|7 0
|9 1850
|a BRACUL
|b BRACUL
|c GEN
|d 2009-07-05
|e Friends' Book Corner
|g 900.00
|l 4
|m 22
|o 801.9509045 MOD
|p 3010017425
|r 2026-01-17
|s 2025-09-08
|t 3
|w 2009-07-05
|y BK
|x Requisitioned by Professor Syed Manzoorul Islam (Coordinator).
|
| 952 |
|
|
|0 0
|1 0
|2 ddc
|4 0
|6 801_950904500000000_MOD
|7 0
|9 17411
|a BRACUL
|b BRACUL
|c GEN
|d 2011-07-12
|g 702.00
|l 6
|m 48
|o 801.9509045 MOD
|p 3010014126
|r 2025-04-21
|s 2024-09-20
|t 2
|w 2011-07-12
|y BK
|x Price available in register book.
|
| 952 |
|
|
|0 0
|1 4
|2 ddc
|4 0
|6 801_950904500000000_MOD
|7 0
|9 17412
|a BRACUL
|b BRACUL
|c GEN
|d 2011-07-12
|l 0
|o 801.9509045 MOD
|p 3010013747
|r 2011-07-12
|t 1
|w 2011-07-12
|y BK
|x Koha Inventory 2020
|